Relatores de Fútbol Argentino - Estadísticas

Estadísticas generales
  • Esta prueba ha sido intentada 17 veces
  • La puntuación promedio es 10 de 16
Estadísticas de respuestas
Imagen Respuesta % Correcto
Mariano Closs
100%
Sebastián Vignolo
100%
"Bambino" Pons
94%
Miguel Simón
81%
Walter Nelson
81%
Jorge Barril
75%
Marcelo Araujo
75%
Pablo Giralt
75%
Rodolfo De Paoli
75%
Victor Hugo Morales
75%
Julián Bricco
69%
Gustavo Kuffner
44%
Juan Pablo Marrón
44%
Gustavo Cima
19%
Martin Perazzo
19%
Matías Barzola
6%
No se encontraron pruebas coincidentes
Distribución de puntuación
Porcentaje de gente con cada puntuación
Porcentaje por número respondido
Historial de tus puntuaciones
No has intentado esta prueba.